Winners Brawl Stars World Finals - Statistics

General Stats
  • This quiz has been taken 14 times
    8 since last reset
  • The average score is 7 of 7
Answer Stats
Year Winner % Correct
2025 Crazy Racoon
100%
2024 Humble
100%
2020 PSG
100%
2021 Zeta Division
100%
2023 Zeta Division
100%
2019 NOVA Esports
83%
2022 Zeta Division 0
67%
No matching quizzes found
Score Distribution
Percent of People with Each Score
Percentile by Number Answered
Your Score History
You have not taken this quiz since the last reset